MARC

LEADER 00000nam0a2200000 4500
001 250825
005 20231101232611.0
010 |a 5020245518 
020 |a RU  |b 89-8945ж 
035 |a (RuTPU)RU\TPU\book\273054 
090 |a 250825 
100 |a 20140217d1989 k y0rusy5003 ca 
101 0 |a rus 
102 |a RU 
105 |a a z 001zy 
200 1 |a Опорные разрезы и стратиграфия кембро-ордовикской фосфоритоносной оболовой толщи на северо-западе Русской платформы  |f Л. Е. Попов [и др.]  |g Академия наук СССР (АН СССР), Межведомственный стратиграфический комитет ; отв. ред. И. Ф. Никитин 
210 |a Ленинград  |c Наука  |d 1989 
215 |a 222 с., [12] л. ил.: ил.  |d 26 см 
225 1 |a Труды Межведомственного стратиграфического комитета СССР  |v Т. 18 
320 |a Библиогр.: с. 217-221. 
510 1 |a The key sections and stratigraphy of the phosphate-bearing obolus beds on the north-east of Russian platform  |z eng 
606 1 |a Кембрийские отложения  |2 stltpush  |3 (RuTPU)RU\TPU\subj\14267  |9 40708 
606 1 |a Ордовикские отложения  |2 stltpush  |3 (RuTPU)RU\TPU\subj\47458  |9 66388 
606 1 |a Фосфориты  |x Месторождения  |2 stltpush  |3 (RuTPU)RU\TPU\subj\64183  |9 81099 
610 1 |a Русская платформа 
610 1 |a опорные разрезы 
610 1 |a стратиграфия 
610 1 |a палеонтология 
610 1 |a палеонтолого-стратиграфические исследования 
610 1 |a фосфоритоносные отложения 
610 1 |a ракушечные фосфориты 
675 |a 551.732  |v 3 
675 |a 551.733.1  |v 3 
675 |a 553.64  |v 3 
701 1 |a Попов  |b Л. Е. 
701 1 |a Хазанович  |b К. К. 
701 1 |a Боровко  |b Н. Г. 
701 1 |a Сергеева  |b С. П. 
701 1 |a Соболевская  |b Р. Ф. 
702 1 |a Никитин  |b И. Ф.  |g Игорь Федорович  |4 340 
712 0 2 |a Академия наук СССР (АН СССР)  |b Межведомственный стратиграфический комитет  |2 stltpush  |3 (RuTPU)RU\TPU\col\722 
801 0 |a RU  |b RuMRKP  |c 19950417  |g psbo 
801 1 |a RU  |b 63413507  |c 20140217 
801 2 |a RU  |b 63413507  |c 20140226  |g RCR 
942 |c BK